| 000 | 01115cab a2200253 4500 | ||
|---|---|---|---|
| 001 | WB2638-19 | ||
| 008 | 090401t1990 xxu||||| |||| 00| 0 eng d | ||
| 035 | _a(Sirsi) u70497 | ||
| 041 | _aeng | ||
| 245 | _aCommon inheritance | ||
| 260 | _c1990 | ||
| 350 | _a0 | ||
| 490 |
_aIndependent _v26/9/90 p1+6(4) |
||
| 520 | _aAnalysis of the Government`s White Paper on the Environment " Common inheritance " (Cm 1200) which includes provision for each Government department to have a Minister responsible for environmental policy, greater use of renewable energy sources , new measures to combat noise , help to maintain cathedrals , greater emphasis on energy efficiency , national park style controls for councils over the siting and appearance of new farm buildings , fines for water pollution and a strategy for stabilising Britain`s CO2 emissions . | ||
| 650 | _aALTERNATIVE ENERGY | ||
| 650 | _aBURGLAR ALARMS | ||
| 650 |
_aLand use _96251 |
||
| 650 | _aLOCAL DEVELOPMENT PLANS | ||
| 650 | _aRECYCLING | ||
| 650 | _aRURAL AREAS | ||
| 690 |
_aEnvironment _96238 |
||
| 942 | _n0 | ||
| 948 | _c04/03/1997 | ||
| 999 |
_c44344 _d44344 |
||